书目信息 |
| 题名: |
中国民族民间舞曲选
|
|
| 作者: | 裘柳钦 主编 | |
| 分册: | ||
| 出版信息: | 上海 上海音乐出版社 2004 |
|
| 页数: | 23,319页 | |
| 开本: | 23cm | |
| 丛书名: | ||
| 单 册: | ||
| 中图分类: | J645.2 | |
| 科图分类: | ||
| 主题词: | 民族舞蹈--舞曲--中国--选集 , 民间舞蹈--舞曲--中国--选集 , 民族舞蹈 , 舞曲 , 民间舞蹈 | |
| 电子资源: | ||
| ISBN: | 7-80667-566-3 | |
| 000 | 01089nam0 2200289 450 | |
| 001 | 1237003111 | |
| 005 | 20121019101717.27 | |
| 010 | @a7-80667-566-3@dCNY38.00 | |
| 100 | @a20050104d2004 em y0chiy50 ea | |
| 101 | 0 | @achi@eeng |
| 102 | @aCN@b310000 | |
| 105 | @ag z 000yy | |
| 200 | 1 | @a中国民族民间舞曲选@Azhong guo min zu min jian wu qu xuan@f裘柳钦主编 |
| 210 | @a上海@c上海音乐出版社@d2004 | |
| 215 | @a23,319页@d23cm | |
| 300 | @a北京舞蹈学院“十五”规划教材 舞蹈音乐教材系列 | |
| 330 | @a本书选取了500首乐曲,包括汉族、藏族、蒙古族、维吾尔族、朝鲜族、苗族、彝族、傣族等民族的音乐,其中汉族部分选择了有代表性的东北秧歌、山东秧歌、山西秧歌、河北地秧歌、安徽花鼓灯和云南花灯等音乐,还选取了部分影响较大的舞蹈剧目的音乐。 | |
| 510 | 1 | @aCollection of Chinese National and Folk Dance Music@zeng |
| 606 | 0 | @a民族舞蹈@x舞曲@y中国@j选集 |
| 606 | 0 | @a民间舞蹈@x舞曲@y中国@j选集 |
| 606 | 0 | @a民族舞蹈 |
| 606 | 0 | @a舞曲 |
| 606 | 0 | @a民间舞蹈 |
| 690 | @aJ645.2@v4 | |
| 701 | 0 | @a裘柳钦@Aqiu liu qin@4主编 |
| 801 | 0 | @aCN@bNLC@c20101222 |
| 905 | @a10447@dJ645.2@eJY54 | |
| 中国民族民间舞曲选/裘柳钦主编.-上海:上海音乐出版社,2004 |
| 23,319页;23cm |
| 北京舞蹈学院“十五”规划教材 舞蹈音乐教材系列 |
| ISBN 7-80667-566-3:CNY38.00 |
| 本书选取了500首乐曲,包括汉族、藏族、蒙古族、维吾尔族、朝鲜族、苗族、彝族、傣族等民族的音乐,其中汉族部分选择了有代表性的东北秧歌、山东秧歌、山西秧歌、河北地秧歌、安徽花鼓灯和云南花灯等音乐,还选取了部分影响较大的舞蹈剧目的音乐。 |
| ● |
| 相关链接 |
|
|
|
|
正题名:中国民族民间舞曲选
索取号:J645.2/JY54
 
预约/预借
| 序号 | 登录号 | 条形码 | 馆藏地/架位号 | 状态 | 备注 |
| 1 | 7834338 | 278343384 | 学院路分馆/ [索取号:J645.2/JY54] | 在馆 | |
| 2 | 7834339 | 278343393 | 学院路分馆/ [索取号:J645.2/JY54] | 在馆 | |
| 3 | 7834340 | 278343400 | 学院路分馆/ [索取号:J645.2/JY54] | 在馆 | |
| 4 | 7834341 | 278343419 | 学院路分馆/ [索取号:J645.2/JY54] | 在馆 |